000 00734nam a22002890a 4500
001 PT57386
003 AR-LpoUNG
005 20210131231812.0
008 191001s2015||||ag |||||||||||||||||spa d
020 _a9789877280432
_c$39
040 _aAR-LpoUNG
_bspa
_cAR-LpoUNG
_eaacr
041 _aspa
044 _aag
082 0 _aA861 562ver
100 1 _aTiempo, César
245 1 0 _aVersos de una... :
_bClara Beter
250 _a1ra. ed.
260 _aBuenos Aires :
_bBiblioteca Nacional ,
_c2015.
300 _a110 p. :
_bil.
650 4 _aARGENTINA
650 4 _aLITERATURA
650 4 _aPOESIA
651 4 _aDOCUMENTOS TEORICOS O METODOLOGICOS
653 _aLITERATURA ARGENTINA
905 _a57386
942 _cLIB
999 _c12030
_d12030